000 00475nam a2200181Ia 4500
008 240925s9999 xx 000 0 und d
020 _a9788173198922
082 _a621.811 RAM
100 _aRamamurti, V.
245 0 _aMechanics of Machines
250 _a3rd
260 _aNew Delhi:
_bNarosa Publishing House
_c,2010.
300 _axxviii,589p.
_bN.A
_fPhotocopy
500 _aIncludes Index
600 _aElectronic Engineering
650 _aTechnology
942 _cBK
999 _c11768
_d11768